00000000nam 2200000zi 4500
0019.947350
003CaOODSP
00520250124135347
006m     o  d f      
007cr cn|||||||||
008250124e19820315qucb    ob   f000 0 fre d
040 |aCaOODSP|bfre|erda|cCaOODSP
043 |an-cn-qu
0861 |aEn40-1114/1982-1F-PDF
0861 |aEn40-1114/1982-2F-PDF
1001 |aAyotte, Claude, |eauteur.
24510|aDépollution du canal Lachine : |bsituation actuelle et options / |cC. Ayotte, D. Pilon.
264 1|a[Montréal] : |bEnvironnement Canada, Service de la protection de l'environnement, Région du Québec, |c15 mars 1982.
300 |a1 ressource en ligne (2 volumes) : |bcartes
336 |atexte|btxt|2rdacontent/fre
337 |ainformatique|bc|2rdamedia/fre
338 |aressource en ligne|bcr|2rdacarrier/fre
500 |aTitre de la couverture.
500 |aÉdition numérisée de l’imprimé [par Environnement et changement climatique Canada].
500 |aRapport 2 publié le 3 septembre 1982.
504 |aComprend des références bibliographiques (volume 1, pages 101-102).
520 |a« Ce rapport évalue l'état actuel de pollution du Canal Lachine, les sources responsables et les actions palliatives requises afin de protéger l'environnement et permettre subséquemment des activités récréatives » -- Sommaire, page i.
650 6|aEau|xPollution|xAspect de l'environnement|zQuébec (Province)|zMontréal.
650 6|aCanaux|zQuébec (Province)|zMontréal|xGestion.
650 0|aWater|xPollution|xEnvironmental aspects|zQuébec (Province)|zMontréal.
650 0|aCanals|zQuébec (Province)|zMontréal|xManagement.
651 6|aCanal de Lachine (Montréal, Québec)
651 0|aLachine Canal (Montréal, Québec)
7101 |aCanada. |bDirection de la protection de l'environnement. |bRégion du Québec, |eorganisme de publication.
85640|qPDF|s2.18 Mo|uhttps://publications.gc.ca/collections/collection_2025/eccc/en40/En40-1114-1982-1-fra.pdf|zRapport 1
85640|qPDF|s668 Ko|uhttps://publications.gc.ca/collections/collection_2025/eccc/en40/En40-1114-1982-2-fra.pdf|zRapport 2